| Tag |
First Indicator |
Second Indicator |
Subfields |
| LEADER |
00000cjm a2200000Ia 4500 |
| 001 |
in00002581713 |
| 005 |
20151201151428.0 |
| 007 |
sd fzngnnmlne| |
| 008 |
880825p19861954nyumun efi eng d |
| 019 |
|
|
|a 20238495
|a 21810107
|a 42551477
|
| 024 |
1 |
|
|a 7464402422
|
| 028 |
0 |
2 |
|a CK 40242
|b Columbia
|
| 033 |
0 |
|
|a 195410--
|b 4104
|c C5
|
| 035 |
|
|
|a (OCoLC)ocm18401645
|
| 035 |
|
|
|a (OCoLC)18401645
|z (OCoLC)20238495
|z (OCoLC)21810107
|z (OCoLC)42551477
|
| 040 |
|
|
|a ORZ
|c ORZ
|d WAU
|d OCL
|d NPC
|d CUY
|d OCL
|d OCLCQ
|d OCLCG
|d OPV
|d TXA
|d UtOrBLW
|
| 041 |
0 |
|
|d eng
|g eng
|
| 043 |
|
|
|a n-us---
|
| 047 |
|
|
|a jz
|a bl
|
| 048 |
|
|
|a bb01
|a bd01
|a wc01
|a ka01
|a sd01
|a pd01
|a vu02
|
| 049 |
|
|
|a TXAM
|
| 050 |
|
4 |
|a M1366.A75
|b L745 1986
|
| 100 |
1 |
|
|a Handy, W. C.
|q (William Christopher),
|d 1873-1958.
|
| 240 |
1 |
0 |
|a Works.
|k Selections
|
| 245 |
1 |
0 |
|a Louis Armstrong plays W.C. Handy.
|
| 264 |
|
1 |
|a New York, N.Y. :
|b Columbia,
|c [1986]
|
| 264 |
|
4 |
|c ℗1986
|
| 300 |
|
|
|a 1 sound disc :
|b digital, stereo. ;
|c 4 3/4 in.
|
| 306 |
|
|
|a 000854
|a 000415
|a 000432
|a 000457
|a 000046
|a 000414
|a 000300
|a 000458
|a 000439
|a 000448
|a 000520
|a 000433
|
| 336 |
|
|
|a performed music
|b prm
|2 rdacontent
|
| 337 |
|
|
|a audio
|b s
|2 rdamedia
|
| 338 |
|
|
|a audio disc
|b sd
|2 rdacarrier
|
| 490 |
1 |
|
|a Columbia jazz masterpieces
|
| 500 |
|
|
|a Blues and jazz.
|
| 511 |
0 |
|
|a Louis Armstrong, trumpet, vocals ; Trummy Young, trombone ; Barney Bigard, clarinet ; Billy Kyle, piano ; Arvell Shaw, bass ; Barrett Deems, drums ; Velma Middleton, vocals.
|
| 500 |
|
|
|a Contains previously released and unisssued material.
|
| 500 |
|
|
|a Compact disc.
|
| 500 |
|
|
|a Analog recording.
|
| 500 |
|
|
|a Historical notes by Brian Peerless in booklet.
|
| 505 |
0 |
|
|a St. Louis blues (8:54) -- Yellow dog blues (4:15) -- Loveless love (4:32) -- Aunt Hagar's blues (4:57) -- Louis Armstrong monologue (0:46) -- Long gone (from Bowlin' Green) (4:14) -- The Memphis blues, or, Mister Crump (3:00) -- Beale Street blues (4:58) -- Ole Miss (4:39) -- Chantez-les bas (Sing 'em low) (4:48) -- Hesitating blues (5:20) -- Atlanta blues (Make me one pallet on your floor) (4:33).
|
| 518 |
|
|
|a Recorded Oct. 1954 in Chicago.
|
| 500 |
|
|
|a Sound recording.
|
| 650 |
|
0 |
|a Jazz
|y 1951-1960.
|
| 650 |
|
0 |
|a Blues (Music)
|y 1951-1960.
|
| 650 |
|
0 |
|a Jazz vocals.
|
| 700 |
1 |
|
|a Armstrong, Louis,
|d 1901-1971.
|
| 700 |
1 |
|
|a Young, Trummy.
|
| 700 |
1 |
|
|a Bigard, Barney.
|
| 700 |
1 |
|
|a Kyle, Billy.
|
| 700 |
1 |
|
|a Deems, Barrett.
|
| 700 |
1 |
|
|a Middleton, Velma.
|
| 700 |
1 |
|
|a Shaw, Arvell.
|
| 830 |
|
0 |
|a Columbia jazz masterpieces.
|
| 948 |
|
|
|a cataloged
|b h
|c 2010/6/7
|d c
|e jgreene
|f 12:07:31 pm
|
| 994 |
|
|
|a C0
|b TXA
|
| 999 |
|
|
|a MARS
|
| 999 |
f |
f |
|s bfa9bd49-acab-3636-8252-5fe76bb49a0a
|i 3ef9b5dd-e961-3a13-a0f7-cb08a903faf4
|t 0
|
| 952 |
f |
f |
|p ric
|a Texas A&M University
|b Rellis Campus
|c Joint Library Facility
|d Remote Storage
|t 0
|e M1366.A75 L745 1986
|h Library of Congress classification
|i audio -- audio disc
|m A14838520340
|
| 998 |
f |
f |
|a M1366.A75 L745 1986
|t 0
|l Remote Storage
|